| 000 | 01082nam a22003017a 4500 | ||
|---|---|---|---|
| 001 | 5778 | ||
| 003 | FISKH | ||
| 005 | 20250122153434.0 | ||
| 008 | 250121b cb ||||| |||| 00| 0 eng d | ||
| 020 | _a9780439889827 | ||
| 040 |
_aFISKH _beng _cFISKH _dFISKH |
||
| 050 | _aDS5.D35 | ||
| 082 | _a950 | ||
| 100 | _aDalby, Elizabeth | ||
| 245 |
_aIntroduction to Asia / _cby Elizabeth Dalby |
||
| 250 | _aFirst Scholastic printing, November 2006 | ||
| 260 |
_aNew York : _bScholastic , _c2005. |
||
| 300 |
_a96 pages : _bcolor illustrations , maps ; _c28 cm . |
||
| 490 | _aUsborne Introductions | ||
| 505 | _aZ | ||
| 520 | _aContains an illustrated introduction to the continent of Asia, and includes information on its geography, counties, and various cultural traditions, with full-color maps, flags, photographs, and links to internet websites for further research. | ||
| 521 | 8 |
_a1150
_bLexile |
|
| 521 | 8 |
_aZ
_bRaz-Plus |
|
| 650 |
_asocial studies _vnon-fiction |
||
| 700 |
_aRogers, Kirsteen _eeditor |
||
| 942 |
_2ddc _cBK _n0 |
||
| 999 |
_c5778 _d5778 |
||